Teoría de la Relatividad Económica (Registro nro. 4316)

Detalles MARC
000 -LEADER
fixed length control field 01673 a2200217 4500
001 - CONTROL NUMBER
control field 47197
005 - DATE AND TIME OF LATEST TRANSACTION
control field 20260407155740.0
008 - FIXED-LENGTH DATA ELEMENTS--GENERAL INFORMATION
fixed length control field 260407a2006 arg spa d
003 - CONTROL NUMBER IDENTIFIER
control field AR-UNSa-BCEJYS
040 ## - CATALOGING SOURCE
Original cataloging agency AR-UNSa-BCEJYS
Language of cataloging spa
Transcribing agency AR-UNSa-BCEJYS
080 ## - UNIVERSAL DECIMAL CLASSIFICATION NUMBER
Universal Decimal Classification number 330
Common auxiliary subdivision Economía en general
020 ## - INTERNATIONAL STANDARD BOOK NUMBER
International Standard Book Number 987-502-031-1
100 1# - MAIN ENTRY--PERSONAL NAME
Personal name Bondone, Carlos
245 10 - TITLE STATEMENT
Title Teoría de la Relatividad Económica
Name of part/section of a work Solución a la crisis monetarias
264 #1 - PRODUCTION, PUBLICATION, DISTRIBUTION, MANUFACTURE, AND COPYRIGHT NOTICE
Place of production, publication, distribution, manufacture Buenos Aires :
Name of producer, publisher, distributor, manufacturer Edición Distal
Date of production, publication, distribution, manufacture, or copyright notice 2006
300 ## - PHYSICAL DESCRIPTION
Extent 492 p.
Dimensions 24 cm.
505 ## - FORMATTED CONTENTS NOTE
Formatted contents note Parte I: Ciencia: 1. Conceptos previos -- Parte II: Ciencia Económica: 2. Casualidad económica - 3. Agente económico - 4. Bienes económicos - 5. Intercambio intertemporal - 6. Intercambio interpersonal - 7. Contado. Dinero. Sustitutos del dinero - 8. Crédito. Valor del crédito - 9. El crédito y la liquidez -- Parte III: Corroboración de la teoría económica. La contabilidad: 10. La contabilidad como modelo económico - 11. Contado. Intercambio interpersonal directo - "Trueque" - 12. Crédito. Materialización flexible - Crédito irregular (PM) -- Parte IV: Síntesis, ampliación y comparación de la Teoría de la relatividad económica: 13. Síntesis de la teoría de la relatividad económica - 14. Comparación y ampliación de la teoría - 15. Teoría cuantitativa - 16. Keynes. El pensamiento de Keynes - 17. Hayek -- Parte V: Solución a las crisis monetarias: 18. Diagnóstico de las crisis monetarias - 19. Tratamiento de las crisis monetarias.
590 ## - LOCAL NOTE (RLIN)
Local note niveau_biblio:m niveau_hierar:0
856 41 - ELECTRONIC LOCATION AND ACCESS
Uniform Resource Identifier <a href="https://www.biblioeco.unsa.edu.ar/pmb/images/libros/L127428.jpg">https://www.biblioeco.unsa.edu.ar/pmb/images/libros/L127428.jpg</a>
Link text Imagen de portada
Electronic format type image/jpeg
942 ## - ADDED ENTRY ELEMENTS (KOHA)
Koha item type
Existencias
Withdrawn status Lost status Damaged status Not for loan Home library Current library Shelving location Date acquired Total checkouts Full call number Barcode Date last seen Price effective from Koha item type
        Biblioteca Prof. Eusebio Cleto del Rey Biblioteca Prof. Eusebio Cleto del Rey   07/04/2026   330 B711 L127428 07/04/2026 07/04/2026 Libro